000 00496nam a2200181Ia 4500
001 16329
005 20260306170301.0
008 260306t2005||||xx |||||||||||||| ||und||
041 _aESP
082 _a348.2541L
_bZ58
100 _aZegarra Valdivia, Diego
_eAUT
245 0 _aServicio público y regulación:
_bmarco institucional de las telecomunicaciones en el Perú
260 _c2005
300 _a557 páginas :
_c24 cm.
650 _aGEN
654 _aCDE
942 _cLIB
_dJUS
_fJUS
_2ddc
_n
999 _c16329
_d16329